Hoy en la historia : (Record no. 28860)

MARC details
000 -CABECERA
campo de control de longitud fija 00708nam a2200217 a 4500
005 - FECHA Y HORA DE LA ÚLTIMA TRANSACCIÓN
campo de control 20220523133555.0
008 - ELEMENTOS DE LONGITUD FIJA--INFORMACIÓN GENERAL
campo de control de longitud fija 991125s1982 mx 000 0 spa u
020 ## - NÚMERO INTERNACIONAL NORMALIZADO PARA LIBROS
Número Internacional Estándar del Libro 9684201958
035 ## - NÚMERO DE CONTROL DEL SISTEMA
Número de control de sistema UPN01000028860
049 ## - COLECCIÓN
Colección LT
050 #4 - SIGNATURA TOPOGRÁFICA DE LA BIBLIOTECA DEL CONGRESO
Número de clasificación LB1641 M6.2
Número de documento/Ítem G6.3 1982
100 1# - ASIENTO PRINCIPAL--NOMBRE PERSONAL
Nombre de persona González Blackaller, Ciro E.
9 (RLIN) 28542
245 10 - MENCIÓN DE TÍTULO
Título Hoy en la historia :
Resto del título segundo curso /
Mención de responsabilidad, etc. Ciro E. González Blackaller, Luis Guevara Ramírez.
250 ## - MENCIÓN DE EDICIÓN
Mención de edición 5a ed.
260 ## - PUBLICACIÓN, DISTRIBUCIÓN, ETC.
Lugar de publicación, distribución, etc. México :
Nombre del editor, distribuidor, etc. Herrero,
Fecha de publicación, distribución, etc. 1982.
300 ## - DESCRIPCIÓN FÍSICA
Extensión 240 p. :
Otras características físicas il.
500 ## - NOTA GENERAL
Nota general "Para las escuelas de educación media"
650 #4 - ASIENTO SECUNDARIO DE MATERIA - TERMINO TEMATICO
Término de materia o nombre geográfico como elemento de entrada Historia
Subdivisión general Estudio y enseñanza (Secundaria)
9 (RLIN) 5248
700 1# - ASIENTO SECUNDARIO--NOMBRE DE PERSONAL
Nombre de persona Guevara Ramírez, Luis
Término indicativo de función/relación coaut.
9 (RLIN) 28757
905 ## - TIPO DE MATERIAL
Tipo de material Libro
Holdings
Estado de retiro Estado de pérdida Fuente del sistema de clasificación o colocación Estado dañado No para préstamo Código de colección Localización permanente Ubicación/localización actual Ubicación en estantería Fecha de adquisición Clasificación Código de barras Fecha visto por última vez Número de copia Tipo de ítem Koha
    Library of Congress Classification   Disponible (Préstamo en sala) Libros de texto Bib. Gregorio Torres Quintero Bib. Gregorio Torres Quintero Colecciones especiales Planta alta 25/05/2023 LB1641 M6.2 G6.3 1982 122432 31/12/2020 1 Libro